Hija de la fortuna

Guardat en:
Dades bibliogràfiques
Autor principal: Allende, Isabel, 1942- (autora)
Format: Llibre
Idioma:espanyol
Publicat: Barcelona Plaza & Janés 2001
Edició:12a. ed
Col·lecció:Ave Fénix, 168
DeBolsillo, 7
Matèries:
Etiquetes: Afegir etiqueta
Sense etiquetes, Sigues el primer a etiquetar aquest registre!

MARC

LEADER 00000nam a2200000 a 4500
001 UCL7189
003 CL-VaPUC
008 040507e20010000SP |||||||||||||||||spa|d
020 |a 8484500152 
082 0 4 |a Ch863  |b ALL  |2 21 
100 |a Allende, Isabel,  |d 1942-  |e autora  |9 318389 
245 1 0 |a Hija de la fortuna 
250 |a 12a. ed 
300 |a 438 p 
942 |c BK 
945 |d 20040507 00:00:00  |a cmena 
260 |a Barcelona  |b Plaza & Janés  |c 2001 
650 0 |a Novelas chilenas   |9 265425 
583 |a last modification  |c 20040507 00:00:00  |k Rodrigo Vera 
490 0 |a Ave Fénix, 168 
490 0 |a DeBolsillo, 7 
999 |c 309041  |d 309039 
952 |0 0  |1 0  |4 0  |6 CH_863_000000000000000_ALL_2001  |7 0  |8 A  |9 376124  |a BIBGIM  |b BIBGIM  |d 2019-11-21  |i 4013395  |o Ch863 ALL 2001  |p 4013395  |r 2025-01-15  |w 2019-11-21  |y BK  |k EST